Normal view
MARC view
Entry Personal Name
001 - CONTROL NUMBER
- control field: 31608
003 - CONTROL NUMBER IDENTIFIER
- control field: dpl
005 - DATE AND TIME OF LATEST TRANSACTION
- control field: 20110805143634.0
008 - FIXED-LENGTH DATA ELEMENTS
- fixed length control field: 110805|||a|||||| | ||| d
040 ## - CATALOGING SOURCE
- Original cataloging agency: dpl
- Transcribing agency: dpl
100 ## - HEADING--PERSONAL NAME
- Personal name: Kakar, Sudhir.
670 ## - SOURCE DATA FOUND
- Source citation: Work cat.: (dpl)54902: Kakar, Sudhir., Mira and the Mahatma /, 2006.
670 ## - SOURCE DATA FOUND
- Source citation: Work cat.: (dpl)54902: Kakar, Sudhir., Mira and the Mahatma /, 2006.
